000 01421nmc a2200433 a 4500
003 AR-BaBNM
005 20251128203751.0
008 301020s1958 ||||||||||||||000 | spa||
040 _cAR-BaBNM
100 1 _aSegers, J.E.
245 1 0 _aLa enseñanza de la lectura por el método global
250 _a3ª ed.
260 _aBuenos Aires
_bKapelusz
_c1958
300 1 _aix, 298 p.
_btablas, diagr.
490 0 _aBiblioteca de cultura pedagógica
500 0 _aContiene un resumen histórico sobre ensayos realizados relativos al método global
500 0 _aContiene referencias sobre el método de lectura Courtis-Smith y el método de lectura empleado en Winnetka
504 _aBibliografía: 279-298
600 1 4 _aComenius, Johann Amos
_d1592-1670
600 0 4 _aRadonvilliers
600 1 4 _aAdam, Nicolás
600 1 4 _aHeinicke, Samuel
600 1 4 _aGedike, Friedrich
600 1 4 _aLutzelberger, Bernhard
600 1 4 _aSeltzsam, Karl
600 1 4 _aDecroly, Ovide
650 4 _aENSENANZA DE LA LECTURA
650 4 _aMETODO GLOBAL
650 4 _aHISTORIA DE LA EDUCACION
650 4 _aMETODOS DE ENSENANZA
650 4 _aMEJORA DE LA LECTURA
650 4 _aDIFICULTAD EN LA LECTURA
650 4 _aHABITO DE LECTURA
653 0 _aENSENANZA DE LA LENGUA
700 1 _aGuillén de Rezzano, Clotilde
_eprologuista
700 1 _aWallon, Henri
_eprologuista
942 _cBK
998 _cSILVI
999 _c4861
_d4861